| 000 | 00416nam a2200181Ia 4500 | ||
|---|---|---|---|
| 008 | 170918s9999 xx 000 0 und d | ||
| 020 | _a440236673 | ||
| 050 | _bG869br 2000 | ||
| 100 | _aGrisham, John | ||
| 245 | 4 | _aThe brethren / | |
| 245 | _cby John Grisham. | ||
| 260 | _aCanada : | ||
| 260 | _bIsland Books, | ||
| 260 | _c2000 | ||
| 300 | _a440 pages : | ||
| 300 | _billustrations ; | ||
| 300 | _c17cm. | ||
| 999 |
_c343425 _d343425 |
||